[Event "Muehlhaeusen op"]
[Site "Muehlhausen"]
[Date "2007.05.20"]
[Round "7.22"]
[White "Weissenborn, Eric"]
[Black "Markus, Nico"]
[Result "0-1"]
[WhiteElo "1410"]
[BlackElo "1984"]
[PlyCount "120"]
[EventDate "2007.05.16"]
[EventType "swiss"]
[EventRounds "7"]
[EventCountry "GER"]
[SourceTitle "CBM 118 Extra"]
[Source "ChessBase"]
[SourceDate "2007.07.04"]
[SourceVersion "1"]
[SourceVersionDate "2007.07.04"]
[SourceQuality "1"]

1. d4 Nf6 2. c4 e6 3. Nc3 Bb4 4. Qc2 c5 5. e3 0-0 6. Nf3 d5 7. Bd3 dxc4 8. Bxc4 Nc6 9. dxc5 Bxc5 10. 0-0 Qe7 11. a3 a6 12. b4 Bd6 13. e4 Ne5 14. Nxe5 Bxe5 15. Bb2 b5 16. Bd3 Bb7 17. f4 Bd4+ 18. Kh1 Ng4 19. Nd1 Bxb2 20. Qxb2 Rfd8 21. Qb1 Qd6 22. Bc2 Qd4 23. h3 Ne3 24. Nxe3 Qxe3 25. Qe1 Qxe1 26. Raxe1 Rd2 27. Bb1 Rad8 28. Kh2 g6 29. Re3 R8d4 30. Rfe1 Rb2 31. Kg3 Rdd2 32. Rg1 Kg7 33. Kf3 f5 34. Kg3 Bxe4 35. Bxe4 fxe4 36. Kh2 Re2 37. Rc3 Kf6 38. Rc6 e3 39. Rxa6 Red2 40. Rc6 e2 41. Re1 Ra2 42. Rc3 Rd1 43. Rc1 Rxe1 44. Rxe1 Kf5 45. Kg1 Kxf4 46. Kf2 Rxa3 47. Rxe2 e5 48. Rd2 Rb3 49. Rd7 Rb2+ 50. Kf1 h5 51. Rf7+ Ke3 52. Rf3+ Ke4 53. Rg3 Kf5 54. Rf3+ Ke6 55. Rg3 Rxb4 56. Rxg6+ Kf5 57. Rg8 Kf4 58. g3+ Kf3 59. Rf8+ Kxg3 60. Rf5 Rf4+ 0-1